000 00316nam a2200157Ia 4500
100 _aPadmanabhan/Anil
650 _aFiciton
942 _cBK
366 _f20
654 _akalpana Chawla
245 _aKalpana Chawla a life
260 _bPuffin books
_c2003
300 _a94
546 _aENGLISH
999 _c33449
_d33449